The Ryrie study Bible : (Record no. 11085)

MARC details
000 -LEADER
fixed length control field 00653nam a22001937a 4500
003 - CONTROL NUMBER IDENTIFIER
control field GBCCL
005 - DATE AND TIME OF LATEST TRANSACTION
control field 20251202144852.0
008 - FIXED-LENGTH DATA ELEMENTS--GENERAL INFORMATION
fixed length control field 251202b |||||||| |||| 00| 0 eng d
020 ## - INTERNATIONAL STANDARD BOOK NUMBER
International Standard Book Number 0802474411
040 ## - CATALOGING SOURCE
Transcribing agency GBC
082 ## - DEWEY DECIMAL CLASSIFICATION NUMBER
Classification number 225.52044
Item number RYR 1
100 ## - MAIN ENTRY--PERSONAL NAME
Personal name Ryrie, Charles Caldwell,
Dates associated with a name 1925-2016
245 ## - TITLE STATEMENT
Title The Ryrie study Bible :
Remainder of title New Testament with introductions, annotations, outlines, marginal references, subject index, harmony of the gospels /
Statement of responsibility, etc. Charles Caldwell Ryrie
250 ## - EDITION STATEMENT
Edition statement New American Standard version
260 ## - PUBLICATION, DISTRIBUTION, ETC.
Place of publication, distribution, etc. Chicago :
Name of publisher, distributor, etc. Moody press,
Date of publication, distribution, etc. 1976
300 ## - PHYSICAL DESCRIPTION
Extent 498p. ;
650 ## - SUBJECT ADDED ENTRY--TOPICAL TERM
Topical term or geographic name entry element Bible
Form subdivision New Testament
942 ## - ADDED ENTRY ELEMENTS (KOHA)
Source of classification or shelving scheme Dewey Decimal Classification
Koha item type Reference Books
Suppress in OPAC No
Holdings
Withdrawn status Lost status Source of classification or shelving scheme Damaged status Not for loan Home library Current Library Shelving location Date acquired Total checkouts Full call number Barcode Date last seen Copy number Price effective from Koha item type
    Dewey Decimal Classification     GRACE BIBLE COLLEGE GRACE BIBLE COLLEGE Bible 2025-12-02   225.52044 RYR 000243 2025-12-02 c.1 2025-12-02 Reference Books
© Grace Bible College Library 2025